00673nam a2200181Ia 4500003000900000005001700009008004100026040003100067040001300098041000800111100002100119245003700140250000600177260002200183300002000205490002100225520024500246IT-RoPAU20220918175719.0120407s9999 xx 000 0 und d aIT-RoPAUc20131203160632.0 cIT-RoPAU aita aMazzeo, Marcella aDon Alberione e l’Eucarestia.  aI aRoma bIMSAcS.d. a158 p.c18,5 cm aUso manoscritto. aIntroduzione Parte prima - L'Eucarestia, il sacrificio pasquale di Gesù Parte seconda - L'Eucarestia, il Dio con noi Parte terza - L'Eucarestia, centro della comunità Conclusioni Abbreviazioni Cenni sulla vita di Don Giacomo Alberione